1775 1332 1003 1661 1510 1405 1515 1702 1980 1499 1915 1910 1578 1390 1027 1669 1454 1989 1422 1528 1144 1946 1845 1155 1012 1531 1677 1644 1309 1341 1393 1138 1010 1305 1776 1364 1767 1580 1957 1435 1389 1898 1407 1321 1576 1053 1673 1816 1318 1116 1955 1015 1790 1333 1330 1717 1735 1787 1155 1858 1770 1700 1102 1125 1637 1516 1722 1314 1126 1258 1415 1176 1588 1291 1070 1474 1059 1282 1689 1583 1650 1919 1630 1883 1879 1213 1114 1443 1352 1445 1883 1263 1091 1105 1954 1107 1788 1975 1258 BCNSPRNW ULIB Ver.6.0+V

เปลี่ยนเป็นภาษาไทย

Change to English
 แสดงรายละเอียดบรรณานุกรม
  กลับหน้าหลัก

Brief Record : Get Marc (ISO 2709) : E-mail record : QR code < ปิดหน้าต่าง
LEADER : 00000nam a2200000 a 4500
001    13399113753
003     ULIB
008    080627s2550 th a 000 0 tha d
020    ^a9789748817064
060 04 ^aWY11^bว559ป
100 0  ^aวิเชียร ทวีลาภ
245 10 ^aประวัติและวิวัฒนาการการพยาบาลในประเทศไทย (พ.ศ. 2439 - พ.ศ.
250    ^aพิมพ์ครั้งที่ 1
260    ^aกรุงเทพฯ :^bวัฒนกิจพาณิชย์,^c2550
300    ^a[14], 145 หน้า :^bภาพประกอบ ;^c21 ซม.
650  4 ^aการพยาบาล
650  4 ^aประวัติการพยาบาล
945    ^p0^l0^i030862
945    ^p0^l0^i030863
945    ^p0^l0^i030864
945    ^p0^l0^i030865
945    ^p0^l0^i030866
945    ^p0^l0^i030867
945    ^p0^l0^i030868
945    ^p0^l0^i030869
945    ^p0^l0^i030870
945    ^p0^l0^i030871
945    ^p0^l0^i034377
945    ^p0^l0^i034378
945    ^p0^l0^i034379
995    ^aเกษร
999 ^a ใช้งานได้ทุกระบบ
รายการนี้ยังไม่มีแท็ก
คุณยังไม่ได้ล็อกอิน คุณสามารถมีกิจกรรมร่วมกับเว็บไซต์ได้ แต่ต้องล็อกอินก่อน ::
  ล็อกอิน

รายการสื่อสารสนเทศ

ลำดับที่ ประเภท เลขเรียก/บาร์โค้ด สถานที่ สถานะ
1. Book การพยาบาล
Book การพยาบาล
WY11 ว559ป ฉ.11 
  Barcode: 034377
ห้องสมุดวิทยาเขตสวรรค์ประชารักษ์
►หนังสือทั่วไป
บนชั้น
Note:รับบริจาค อ.วิเชียร ทวีลาภ
2. Book การพยาบาล
Book การพยาบาล
WY11 ว559ป ฉ.12 
  Barcode: 034378
ห้องสมุดวิทยาเขตสวรรค์ประชารักษ์
►หนังสือทั่วไป
บนชั้น
Note:รับบริจาค อ.วิเชียร ทวีลาภ
3. Book การพยาบาล
Book การพยาบาล
WY11 ว559ป ฉ.13 
  Barcode: 034379
ห้องสมุดวิทยาเขตสวรรค์ประชารักษ์
►หนังสือทั่วไป
บนชั้น
Note:รับบริจาค อ.วิเชียร ทวีลาภ

รายการใกล้เคียง
    ผู้แต่ง [วิเชียร ทวีลาภ]

    หัวเรื่อง [การพยาบาล]
    หัวเรื่อง [ประวัติการพยาบาล]

BibComment


ยังไม่เคยถูกคอมเมนท์

คอมเมนท์ทรัพยากรรายการนี้
  คอมเมนท์: ประวัติและวิวัฒน..


 Copyright 2026. Bcnsprnw @Library